Practical Electronics : (Record no. 586850)

000 -LEADER
fixed length control field 00388nam a22001337a 4500
022 ## - INTERNATIONAL STANDARD SERIAL NUMBER
International Standard Serial Number 2632-573X
082 ## - DEWEY DECIMAL CLASSIFICATION NUMBER
Classification number 0
100 ## - MAIN ENTRY--PERSONAL NAME
Personal name Electron Publishing Limited.
245 ## - TITLE STATEMENT
Title Practical Electronics :
Remainder of title The UK's premier electronics and computing maker magazine /
260 ## - PUBLICATION, DISTRIBUTION, ETC. (IMPRINT)
Place of publication, distribution, etc UK.
300 ## - PHYSICAL DESCRIPTION
Other physical details 29 cm.
650 ## - SUBJECT ADDED ENTRY--TOPICAL TERM
Topical term or geographic name as entry element Electronics - Magazines, Electrical - Magazines.
942 ## - ADDED ENTRY ELEMENTS (KOHA)
Koha item type Continuing Resources
Holdings
Damaged status Not for loan Permanent Location Current Location Shelving location Date acquired Full call number Barcode Koha item type
    Central Library (CL) Central Library (CL) Reference 11/20/2021 Vol-50, No-11 Nov 2021 S-3665 Continuing Resources
    Central Library (CL) Central Library (CL) Reference 12/13/2021 Vol-50, No-12 Dec 2021 S-3732 Continuing Resources
© 2023 Central Library, National University of Sciences and Technology. All Rights Reserved.